Пространственно-энергетические характеристики быстрых электронов в ряде веществ; Тезисы докладов межвузовской конференции по вопросам радиационной физики, Томск, 5-10 июня 1967 г.

Bibliographic Details
Parent link:Тезисы докладов межвузовской конференции по вопросам радиационной физики, Томск, 5-10 июня 1967 г..— 1967.— С. 57
Other Authors: Евдокимов О. Б., Дергобузов К. А., Кононов Б. А. Борис Александрович, Тубалов Н.
Language:Russian
Published: 1967
Subjects:
Format: Book Chapter
KOHA link:https://koha.lib.tpu.ru/cgi-bin/koha/opac-detail.pl?biblionumber=175930

MARC

LEADER 00000naa2a2200000 4500
001 175930
005 20231031165154.0
035 |a (RuTPU)RU\TPU\book\190729 
035 |a RU\TPU\tpu\976 
090 |a 175930 
100 |a 20100218d1967 k y0rusy50 ca 
101 0 |a rus 
102 |a RU 
200 1 |a Пространственно-энергетические характеристики быстрых электронов в ряде веществ  |f О. Б. Евдокимов, К. А. Дергобузов, Б. А. Кононов, Н. Тубалов 
463 0 |0 (RuTPU)RU\TPU\book\179074  |t Тезисы докладов межвузовской конференции по вопросам радиационной физики, Томск, 5-10 июня 1967 г.  |f Томский политехнический институт (ТПИ) ; под ред. А. А. Воробьева  |v С. 57  |d 1967  |p 143 с. 
610 1 |a физика 
610 1 |a труды учёных ТПУ 
701 1 |a Евдокимов  |b О. Б. 
701 1 |a Дергобузов  |b К. А. 
701 1 |a Кононов  |b Б. А.  |c российский физик  |c Заслуженный профессор Томского политехнического университета  |f 1930-  |g Борис Александрович  |2 stltpush  |3 (RuTPU)RU\TPU\pers\19802 
701 1 |a Тубалов  |b Н. 
801 0 |a RU  |b 63413507  |c 20011210  |g PSBO 
801 2 |a RU  |b 63413507  |c 20100219  |g PSBO 
942 |c BK